Who Can Beat Florida? - Statistics

General Stats
  • This quiz has been taken 3 times
  • The average score is 35 of 49
Answer Stats
Hint Answer % Correct
Alaska Larger
100%
Texas Larger
100%
California Larger
100%
Montana Larger
100%
Arizona Larger
100%
Colorado Larger
100%
Oregon Larger
100%
Minnesota Larger
100%
Ohio Smaller
100%
Kentucky Smaller
100%
West Virginia Smaller
100%
Hawaii Smaller
100%
Massachusetts Smaller
100%
Vermont Smaller
100%
New Hampshire Smaller
100%
Connecticut Smaller
100%
Delaware Smaller
100%
Rhode Island Smaller
100%
New Mexico Larger
67%
Nevada Larger
67%
Wyoming Larger
67%
Michigan Larger
67%
Utah Larger
67%
Idaho Larger
67%
Kansas Larger
67%
North Dakota Larger
67%
Missouri Larger
67%
Georgia Smaller
67%
Illinois Smaller
67%
Iowa Smaller
67%
North Carolina Smaller
67%
Arkansas Smaller
67%
Alabama Smaller
67%
Louisiana Smaller
67%
Pennsylvania Smaller
67%
Virginia Smaller
67%
Tennessee Smaller
67%
Indiana Smaller
67%
Maine Smaller
67%
South Carolina Smaller
67%
Maryland Smaller
67%
New Jersey Smaller
67%
Nebraska Larger
33%
South Dakota Larger
33%
Oklahoma Larger
33%
Mississippi Smaller
33%
Washington Larger
0%
Wisconsin Smaller
0%
New York Smaller
0%
No matching quizzes found
Score Distribution
Percent of People with Each Score
Percentile by Number Answered
Your Score History
You have not taken this quiz